00385nam a2200157Ia 450000500170000000800410001704000190005804100120007708200110008910000150010024500350011526000320015030000120018265000230019485000100021720231117104040.0131103s9999 xx 000 0 und d aLoreto College aEnglish aFbTUL aTully,Mark 4aThe Heart of IndiacMark Tully aLondonbPenguin Booksc1995 a240 p.  aFiction in English aLCLIB